000 00613nam a2200205Ia 4500
005 20250923145349.0
008 008 250917s9999 xx 000 0 eng d
037 _aTextual
040 _aDSWL
_beng
_cDSWL
041 _aeng
_2eng
084 _aL:57310aS:7.596N44, N75
_qDSWL
100 _aStein, Zena
_9834514
245 0 _aFemine and human development
_c by Zena Stein
260 _aNew York
_b Oxford University Press
_c1975
300 _axx,284 p.
365 _aINR
_b156 . 70
925 _g156 . 70
942 _cTEXL
_hL:57310aS:7.596N44, N75
999 _c1450477
_d1450477